000 01021nam a2200241Ia 4500
008 191130s1995##################000#0#eng##
020 _a9780521523066
022 _a95003428
040 _aACL
_cACL
082 _a382.0966009034 LAW
245 _aFrom slave trade to "legitimate" commerce : the commercial transition in nineteenth-century west Africa : papers from a conference of the centre of Commonwealth studies, University of Stirling
_cedited by Robin Law
250 _a1st ed
260 _aCambridge
_bCambridge University Press
_c1995
300 _axi, 278 p. : ill., map ; 24 cm
500 _aIncludes bibliographical references and index
650 _aAfrica, West - Commerce - History - 19th century - Congresses
650 _aAfrica, West - Economic conditions - Congresses
650 _aSlaves - Emancipation - Economic aspects - Africa, West - History - 19th century - Congresses
700 _aLaw, Robin
990 _a534dfc00ac10000c1dff70fec1cb93e7
991 _a297872
999 _c189388
_d189388